00774nam a2200181 a 450000100100000000500170001000800410002704000250006808200150009310000250010824500620013326000380019530000270023304900090026095201120026995201960038199900150057700000973020200929161703.0091001s1989 dr a 000 0 spa d aDO-SdBNPbspacBNPHU axxxbB423c1 aBejel, Emilio92463510aCasas deshabitadas :b(un poema contado) /cEmilio Bejel. aSanto Domingo :bCorripio,c1989. a58 p. :bil. ;c23 cm. aBNPD 0010718PDaPDbPDcHDd2009-10-01iLF1l0oxxx B423cp9730-10r2020-06-25w2020-06-25yLFPDZNo se presta 0010718PDaPDbPDcHDd2015-08-13iLF1l0oxxx B423cp9730-20r2020-06-25te. 2w2020-06-25yLFPDzPerteneció a la biblioteca personal de Chiqui Vicioso / Fidelio Despradel.ZNo se presta c9490d9490